Score 0/28 Timer 06:00
1 Play Today
% Correct
Back to the Future
94.4%
The Wizard of Oz
93.8%
Toy Story
93.7%
Harry Potter and the Prisoner of Azkaban
91%
The Silence of the Lambs
85.8%
Alice in Wonderland
85.5%
Guardians of the Galaxy
81.3%
Wedding Crashers
78.3%
Die Hard
77.5%
Pretty Woman
74%
The Notebook
72%
The Big Lebowski
71.8%
Mean Girls
66.9%
Good Will Hunting
63.9%
% Correct
Se7en
63.7%
Superbad
63.6%
Creed
62.1%
Office Space
60%
The Devil Wears Prada
56.7%
Annie Hall
56.5%
Grease
55.5%
Forrest Gump
53.5%
Goodfellas
52.9%
Spy
47.1%
Slumdog Millionaire
45.4%
Clueless
35.9%
Gone With the Wind
29.8%
Scream
27.8%
Remove Ads.
Support Sporcle.
Get the best of Sporcle when you Go Orange. This ad-free experience offers more features, more stats, and more fun while also helping to support Sporcle. Thank you for becoming a member.

You're not logged in!

Compare scores with friends on all Sporcle quizzes.
OR
Log In

Show Comments

Extras

Top Quizzes Today


Score Distribution

Your Account Isn't Verified!

In order to create a playlist on Sporcle, you need to verify the email address you used during registration. Go to your Sporcle Settings to finish the process.

Report this User

Report this user for behavior that violates our Community Guidelines.

Details: